00306nam a2200121Ia 4500008004100000041000800041082001700049100002000066245002900086260003300115300001900148999001700167241028s9999 xx 000 0 und d aeng a658.4030 BRA aBradshaw, Kumar aAi Strategy To Execution bWiley IndiaaNew Delhic2024 a327;. P. 22 cm c43094d43094